Obálka Náhled e-knihy:
PDF Epub
Pro půjčování e-knih musíte být přihlášeni.
Jak si půjčit online?

Všechny cesty vedou do Santiaga /

Cestopis českého cestovaletele tentokrát zavede čtenáře na svatojakuboskou pouť do Santiaga de Compostela, na kterou se autor vydává již podruhé. Vzpomínky, dobrodružství, příbehy poutníků z celého světa, setkání s různými lidmi, fenomén poutnictví.

Uloženo v:
Hlavní autor: Zibura, Ladislav, 1992- (Autor)
Médium: E-kniha
Jazyk:Czech
Vydáno: Praha : Kniha Zlin, 2023
Vydání:Vydání první
Témata:
Tagy:
Žádné tagy
LEADER 03824nam a2200805 i 4500
001 312109
003 CZ PrSKC
005 20260601215717.0
007 ta
008 231004s2023 xr a e 000 1acze
015 |a cnb003551196 
020 |a 9788076627406  |q (soubor 2024) :  |c Kč 1999,00 
020 |a 978-80-7662-533-4  |q (vázáno) :  |c Kč 449,00 
035 |a (OCoLC)1412782036 
040 |a OLA001  |b cze  |e rda 
043 |a e-xr---  |a e-sp---  |a e-fr--- 
045 |a y1y1 
072 7 |a 913(4)  |x Geografie Evropy, reálie, cestování  |2 Konspekt 
072 7 |a 929  |x Biografie  |2 Konspekt 
080 |a 2-57-051  |2 MRF 
080 |a 796.51+2-57  |2 MRF 
080 |a 27-57:625.711.4/.7  |2 MRF 
080 |a 272-522/-523  |2 MRF 
080 |a 929  |2 MRF 
080 |a (44-14)  |2 MRF 
080 |a (460-17)  |2 MRF 
080 |a (460)  |2 MRF 
080 |a (0:82-992)  |2 MRF 
080 |a (0:82-322.6)  |2 MRF 
100 1 |a Zibura, Ladislav,  |d 1992-  |7 ola2015893402  |4 aut 
245 1 0 |a Všechny cesty vedou do Santiaga /  |c Ladislav Zibura 
250 |a Vydání první 
264 1 |a Praha :  |b Kniha Zlin,  |c 2023 
300 |a 327 stran :  |b barevné ilustrace ;  |c 22 cm 
336 |a text  |b txt  |2 rdacontent 
337 |a bez média  |b n  |2 rdamedia 
338 |a svazek  |b nc  |2 rdacarrier 
500 |a Část nákladu distribuována v roce 2024 jako soubor 6 knih (Prázdniny v Česku, Všechny cesty vedou do Santiaga, 40 dní pěšky do Jeruzaléma, Pěšky mezi buddhisty a komunisty, Už nikdy pěšky po Arménii a Gruzii, Prázdniny v Evropě) ve společném kartonovém pouzdru bez souborného názvu; ISBN souboru pouze na krabici 
520 2 |a Cestopis českého cestovaletele tentokrát zavede čtenáře na svatojakuboskou pouť do Santiaga de Compostela, na kterou se autor vydává již podruhé. Vzpomínky, dobrodružství, příbehy poutníků z celého světa, setkání s různými lidmi, fenomén poutnictví. 
600 1 7 |a Zibura, Ladislav,  |d 1992-  |7 ola2015893402  |2 czenas 
648 7 |a 21. století  |7 ch460559  |2 czenas 
648 7 |a 2010  |7 ch967319  |2 czenas 
648 7 |a 2001-2010  |7 ch460588  |2 czenas 
650 0 7 |a poutníci  |7 ph206892  |z Česko  |y 21. století  |2 czenas 
650 0 7 |a putování  |7 ph899498  |z Francie  |y 2001-2010  |2 czenas 
650 0 7 |a putování  |7 ph899498  |z Španělsko  |y 2001-2010  |2 czenas 
650 0 7 |a poutní cesty  |7 ph624358  |z Francie  |2 czenas 
650 0 7 |a poutní cesty  |7 ph624358  |z Španělsko  |2 czenas 
650 0 7 |a poutní místa  |7 ph115843  |z Španělsko  |2 czenas 
650 0 9 |a pilgrims  |z Czechia  |y 21st century  |2 eczenas 
650 0 9 |a wayfaring  |z France  |y 2001-2010  |2 eczenas 
650 0 9 |a wayfaring  |z Spain  |y 2001-2010  |2 eczenas 
650 0 9 |a pilgrims' ways  |z France  |2 eczenas 
650 0 9 |a pilgrims' ways  |z Spain  |2 eczenas 
650 0 9 |a pilgrimage places  |z Spain  |2 eczenas 
651 7 |a Camino Francés (Francie a Španělsko)  |7 ge624482  |2 czenas 
651 7 |a Santiago de Compostela (Španělsko)  |7 ge130738  |2 czenas 
651 9 |a Camino Francés (France and Spain)  |2 eczenas 
651 9 |a Santiago de Compostela (Spain)  |2 eczenas 
655 7 |a cestopisy  |7 fd131956  |2 czenas 
655 7 |a autobiografické příběhy  |7 fd131891  |2 czenas 
655 9 |a books of travels  |2 eczenas 
655 9 |a autobiographical stories  |2 eczenas 
740 0 2 |a Ladislav Zibura - box 1-6 
900 |a ABA001  |b 20 
928 9 |a Albatros Media - Kniha Zlin 
044 |a xr 
910 |a RBIT002 
998 |d 387671  |a https://core.palmknihy.cz/api/books/387671/cover?si5xsd  |b https://core.palmknihy.cz/api/books/387671/cover/400?si5xsd  |c https://core.palmknihy.cz/api/books/387671/cover/50?si5xsd  |e 2033-04-18  |g 352  |i 9788076625334  |j https://core.palmknihy.cz/api/books/387671/preview.epub  |k https://core.palmknihy.cz/api/books/387671/preview.pdf  |l   |q 49  |r 1  |s https://www.palmknihy.cz/kniha/387671  |t ebook  |y 2023  |z 0 
999 |d 312107